书目信息 |
| 题名: |
沈兼士学术论文集
|
|
| 作者: | 沈兼士 著 | |
| 分册: | ||
| 出版信息: | 北京 中华书局 1986 |
|
| 页数: | ||
| 开本: | ||
| 丛书名: | ||
| 单 册: | ||
| 中图分类: | H13-53 | |
| 科图分类: | ||
| 主题词: | 汉语--语义 , 汉语--语义学 , 汉语--词汇 , 训诂 | |
| 电子资源: | ||
| ISBN: | ||
| 000 | 00675nam0 2200265 45 | |
| 001 | 0186017177 | |
| 005 | 20040614160503.5 | |
| 010 | @dCNY3.50 | |
| 091 | @a9018.169 | |
| 100 | @a19900809d1986 kemy0chiy0121 ea | |
| 101 | 0 | @achi |
| 102 | @aCN@b110000 | |
| 105 | @ay z 000yy | |
| 106 | @ar | |
| 200 | 10 | @a沈兼士学术论文集@Ashen jian shi xue shu lun wen ji@f沈兼士著 |
| 210 | @a北京@c中华书局@d1986 | |
| 606 | 0 | @a汉语@x语义 |
| 606 | 0 | @a汉语@x语义学 |
| 606 | 0 | @a汉语@x词汇 |
| 606 | 0 | @a训诂 |
| 690 | @aH13-53@v3 | |
| 701 | 0 | @a沈兼士@Ashen jian shi@4著 |
| 801 | 0 | @aCN@b深圳图书馆@c20040420 |
| 801 | 2 | @aCN@bNLC@c20040420 |
| 905 | @dH13-53@e153@f1@b217980 | |
| 沈兼士学术论文集/沈兼士著.-北京:中华书局,1986 |
| ISBN :CNY3.50 |
| ● |
| 相关链接 |
|
|
|
|
正题名:沈兼士学术论文集
索取号:H13-53/153
 
预约/预借
| 序号 | 登录号 | 条形码 | 馆藏地/架位号 | 状态 | 备注 |
| 1 | 0217979 | 000837429 | 第四借阅区/ [索取号:H13-53/153] | 在馆 | |
| 2 | 0217980 | 000837312 | 第四借阅区/ [索取号:H13-53/153] | 在馆 | |
| 3 | 0217981 | 000837385 | 第二样本阅览室/ [索取号:H13-53/153] | 在馆 |